| 000 | 00779nam a22001817a 4500 | ||
|---|---|---|---|
| 001 | 0000000888 | ||
| 003 | PPM | ||
| 005 | 20260429095236.0 | ||
| 008 | 260429b ||||| |||| 00| 0 eng d | ||
| 020 | _qPaperback | ||
| 035 | _a0000000888 | ||
| 040 |
_bMalay _cPusat Penyelidikan Mineral, Jabtan Mineral Dan Geosains Malaysia _dPPM _eRDA |
||
| 100 | 1 |
_aNor Farah Wahida bt Mohd Khaludin _eauthor |
|
| 245 | 1 | 0 |
_aLaporan PPM K006/2026 : Laporan Orientasi Dalaman/Sangkutan Kakitangan Baharu Pembantu Khidmat Am H1 Di Pusat Penyelidikan Mineral , pada April 2026 / _coleh Nor Farah Wahida bt Mohd Khaludin |
| 260 | 1 |
_aPerak : _bPusat Penyelidikan Mineral, Jabtan Mineral Dan Geosains Malaysia _c2026 |
|
| 300 | 0 | 0 |
_a26 pages .: _bsome colour, illustrations .; _c29 cm |
| 942 |
_2ddc _cRPT |
||
| 999 |
_c27238 _d27238 |
||